Gaming Quiz

Random Gaming or Nintendo Quiz
Score 0/95 Timer 20:00
0 Plays Today
Nintendo Franchise/Series Nintendo Character % Correct
Super Mario Bros.Mario
98.8%
Super Mario Bros.Luigi
97.7%
Super Mario Bros.Princess Peach
97.1%
Super Mario Bros.Wario
96.5%
Super Mario Bros.Yoshi
96.5%
Super Mario Bros.Bowser
95.3%
The Legend of ZeldaPrincess Zelda
94.8%
The Legend of ZeldaLink
94.2%
Super Mario Bros.Waluigi
92.4%
Super Mario Bros.Goomba
91.3%
Super Mario Bros.Koopa Troopa
91.3%
The Legend of ZeldaGanon(dorf)
88.4%
Super Mario Bros.Princess Daisy
87.8%
Super Mario Bros.Toad
87.8%
PokemonPikachu
86%
KirbyKirby
84.9%
MetroidSamus Aran
82.6%
Super Mario Bros.Bob-omb
79.7%
KirbyKing Dedede
77.9%
Donkey KongDonkey Kong
77.9%
Super Mario Bros.Birdo
77.3%
The Legend of ZeldaDark Link
77.3%
Donkey KongDiddy Kong
76.2%
KirbyMeta Knight
75.6%
Star FoxFox McCloud
75.6%
Star FoxFalco Lombardi
73.8%
PokemonProfessor Oak
71.5%
Star FoxWolf O'Donnell
70.9%
MetroidRidley
67.4%
The Legend of ZeldaEpona
66.3%
Star FoxSlippy Toad
66.3%
F-ZeroCaptain Falcon
64%
Nintendo Franchise/Series Nintendo Character % Correct
Super Mario Bros.Lakitu
63.4%
The Legend of ZeldaNavi
63.4%
MetroidMetroid
63.4%
Super Mario Bros.Pauline
62.8%
Donkey KongCranky Kong
62.2%
Star FoxPeppy Hare
61.6%
Fire EmblemMarth
61%
Donkey KongDixie Kong
60.5%
PokemonRed
58.7%
Fire EmblemRoy
58.1%
KirbyWaddle Dee
57.6%
Fire EmblemIke
57%
The Legend of ZeldaGreat Deku Tree
56.4%
The Legend of ZeldaMidna
55.8%
Star FoxAndross
55.8%
The Legend of ZeldaDin
54.7%
PokemonMudkip
53.5%
The Legend of ZeldaTingle
52.9%
PokemonLugia
52.3%
MetroidDark Samus
52.3%
The Legend of ZeldaNayru
50.6%
Donkey KongCandy Kong
50.6%
MetroidMother Brain
50%
Star FoxKrystal
50%
The Legend of ZeldaFarore
48.3%
MetroidMeta Ridley
46.5%
Donkey KongTiny Kong
45.9%
KirbyWaddle Doo
45.3%
MetroidKraid
42.4%
Donkey KongLanky Kong
41.9%
Star FoxLeon Powalski
40.1%
F-ZeroLeon
40.1%
Nintendo Franchise/Series Nintendo Character % Correct
Donkey KongChunky Kong
39%
PokemonTogekiss
37.2%
The Legend of ZeldaVaati
36.6%
KirbyRick
34.9%
The Legend of ZeldaOctorok
32.6%
PokemonFeebas
30.8%
Star FoxGeneral Pepper
30.8%
Donkey KongKiddy Kong
30.2%
F-ZeroBlood Falcon
28.5%
Star FoxPanther Caroso
27.9%
KirbyPrince Fluff
26.7%
PokemonWally
26.2%
PokemonManaphy
26.2%
Fire EmblemLyndis
26.2%
F-ZeroSamurai Goroh
25%
F-ZeroBlack Shadow
25%
KirbyDyna Blade
22.1%
Donkey KongSwanky Kong
20.9%
F-ZeroJody Summer
19.2%
The Legend of ZeldaBeedle
18.6%
KirbyGooey
16.3%
F-ZeroDr. Stewart
15.7%
F-ZeroPico
15.7%
PokemonEthan
15.1%
F-ZeroMr. EAD
9.9%
KirbyKeeby
9.3%
MetroidZoomer
7.6%
Fire EmblemEirika
6.4%
F-ZeroOctoman
4.7%
MetroidSkree
2.9%
MetroidWaver
1.2%
Remove Ads.
Support Sporcle.
Get the best of Sporcle when you Go Orange. This ad-free experience offers more features, more stats, and more fun while also helping to support Sporcle. Thank you for becoming a member.

You're not logged in!

Compare scores with friends on all Sporcle quizzes.
OR
Log In

Show Comments

Extras

Top Quizzes Today


Score Distribution

Your Account Isn't Verified!

In order to create a playlist on Sporcle, you need to verify the email address you used during registration. Go to your Sporcle Settings to finish the process.

Report this User

Report this user for behavior that violates our Community Guidelines.

Details: